House building (Record no. 109274)

MARC details
000 -LEADER
fixed length control field 01753cad a22002415a 4500
001 - CONTROL NUMBER
control field L146741
008 - FIXED-LENGTH DATA ELEMENTS--GENERAL INFORMATION
fixed length control field 090223e20090219xxkd f s f000 0 eng d
035 ## - SYSTEM CONTROL NUMBER
System control number (Sirsi) u146741
041 0# - LANGUAGE CODE
Language code of text/sound track or separate title eng
110 1# - MAIN ENTRY--CORPORATE NAME
Corporate name or jurisdiction name as entry element United Kingdom
Subordinate unit Department for Communities and Local Government
9 (RLIN) 4939
245 00 - TITLE STATEMENT
Title House building
Remainder of title December Quarter 2008
Medium [electronic resource]
260 ## - PUBLICATION, DISTRIBUTION, ETC.
Date of publication, distribution, etc. 2008
490 #0 - SERIES STATEMENT
Series statement DCLG Housing Statistical Release
Volume/sequential designation December Quarter 2008, 19 February 2009
505 2# - FORMATTED CONTENTS NOTE
Formatted contents note Starts and completions in England -- Tenure trends -- Regional trends -- House building targets -- Data collection -- Accompanying tables -- Background notes
520 ## - SUMMARY, ETC.
Summary, etc. Reports on house building starts and completions during the period of October to December 2008 in the UK. Updates statistics published in November 2008. Accompanying tables are available alongside this document on the website. From October to December 2008, there were around 16,300 new house building starts in England, down by 58% compared with the same quarter in 2007. An estimate of 32,300 houses was completed, representing a fall of 25% compared to the same quarter in 2007. For 2008, the estimate for house building starts is 105,000, a 37% decline compared with 2007.The figure for completions for the same period is 141,900 and corresponds to a decrease of 19% from 2007.
590 ## - LOCAL NOTE (RLIN)
Local note KA NTK
650 24 - SUBJECT ADDED ENTRY--TOPICAL TERM
Topical term or geographic name entry element DCLG QUARTERLY HOUSE BUILDING STATISTICS
651 #4 - SUBJECT ADDED ENTRY--GEOGRAPHIC NAME
Geographic name United Kingdom
Chronological subdivision
690 ## - LOCAL SUBJECT ADDED ENTRY--TOPICAL TERM (OCLC, RLIN)
Topical term or geographic name as entry element PROPERTY-RESIDENTIAL PROPERTY-RESIDENTIAL PROPERTY DEVELOPMENT
690 ## - LOCAL SUBJECT ADDED ENTRY--TOPICAL TERM (OCLC, RLIN)
Topical term or geographic name as entry element BUILT ENVIRONMENT-CONSTRUCTION MARKET
856 40 - ELECTRONIC LOCATION AND ACCESS
Uniform Resource Identifier <a href="https://www.communities.gov.uk/publications/corporate/statistics/housebuildingq42008">https://www.communities.gov.uk/publications/corporate/statistics/housebuildingq42008</a>
Public note View the item free of charge at www.communities.gov.uk...
942 ## - ADDED ENTRY ELEMENTS (KOHA)
Suppress in OPAC 0
Holdings
Withdrawn status Lost status Source of classification or shelving scheme Damaged status Not for loan Home library Current library Shelving location Date acquired Total Checkouts Full call number Barcode Date last seen Copy number Price effective from Koha item type
    Dewey Decimal Classification     Virtual Virtual Online 23/02/2009   ONLINE PUBLICATION 146741-2001 06/08/2019 1 06/08/2019 Book